<?xml version="1.0" encoding="UTF-8"?>
<record
    xmlns:xsi="http://www.w3.org/2001/XMLSchema-instance"
    xsi:schemaLocation="http://www.loc.gov/MARC21/slim http://www.loc.gov/standards/marcxml/schema/MARC21slim.xsd"
    xmlns="http://www.loc.gov/MARC21/slim">

  <leader>01418nam a22001457a 4500</leader>
  <datafield tag="999" ind1=" " ind2=" ">
    <subfield code="c">527405</subfield>
    <subfield code="d">527405</subfield>
  </datafield>
  <controlfield tag="008">240828b           ||||| |||| 00| 0 eng d</controlfield>
  <datafield tag="100" ind1=" " ind2=" ">
    <subfield code="a">Yemelina, N., Kemelbayeva, S. and Roshchin, S. </subfield>
    <subfield code="9">57561</subfield>
  </datafield>
  <datafield tag="245" ind1=" " ind2=" ">
    <subfield code="a">Dynamics of gender wage gap in Kazakhstan for 2011-2019</subfield>
  </datafield>
  <datafield tag="260" ind1=" " ind2=" ">
    <subfield code="a">The Indian Journal of Labour Economics </subfield>
  </datafield>
  <datafield tag="300" ind1=" " ind2=" ">
    <subfield code="a">67(1), Jan-Mar, 2024: p.47-71</subfield>
  </datafield>
  <datafield tag="520" ind1=" " ind2=" ">
    <subfield code="a">We examine the gender wage gap in Kazakhstan over the period 2011&#x2013;2019. It was found to be persistent and stable during this period at around 30%; however, the decomposition suggests the increasing negative effect of growing industrial segregation which is not compensated for by a relatively better and improving human capital of females. Unsurprisingly, the highest gender gap is documented in more industrialised and economically successful provinces and the lowest gap, that is, in the poorest and predominantly agricultural ones. In the two largest cities with the most advanced economies, our findings suggest the existence of vertical segregation and discrimination. Thus, the policy aimed at narrowing down gender inequalities in Kazakhstan&#x2019;s labour market should seek to equalise industrial disparities and segregation and account for regional disparities.- Reproduced 

https://link.springer.com/article/10.1007/s41027-024-00483-8
</subfield>
  </datafield>
  <datafield tag="773" ind1=" " ind2=" ">
    <subfield code="a">The Indian Journal of Labour Economics </subfield>
  </datafield>
  <datafield tag="906" ind1=" " ind2=" ">
    <subfield code="a">LABOUR</subfield>
  </datafield>
  <datafield tag="942" ind1=" " ind2=" ">
    <subfield code="c">AR</subfield>
  </datafield>
  <datafield tag="952" ind1=" " ind2=" ">
    <subfield code="0">0</subfield>
    <subfield code="1">0</subfield>
    <subfield code="2">ddc</subfield>
    <subfield code="4">0</subfield>
    <subfield code="7">0</subfield>
    <subfield code="9">402491</subfield>
    <subfield code="a">IIPA</subfield>
    <subfield code="b">IIPA</subfield>
    <subfield code="d">2024-08-28</subfield>
    <subfield code="h">67(1), Jan-Mar, 2024: p.47-71</subfield>
    <subfield code="p">AR132844</subfield>
    <subfield code="r">2024-08-28</subfield>
    <subfield code="y">AR</subfield>
  </datafield>
</record>
